Sports Quiz

Random Sports Quiz

Of All the Winners, You're the Biggest Loser Quiz Stats

Quiz not verified by Sporcle

Challenge
Share
Tweet
Embed
Score 0/18 Timer 05:00
0 Plays Today
Event Most Frequent Loser/Runner-Up % Correct
NBA ChampionshipLA/Minneapolis Lakers (15)
93.1%
World SeriesNew York Yankees (13)
92.4%
Stanley CupRed Wings & Bruins (13)
82.4%
NCAA Men's Basketball FinalDuke & Kansas (6)
74%
FIFA World Cup (Men's)Germany (4)
64.9%
Super BowlDenver Broncos (5)
62.6%
Premier League ChampionshipArsenal & Manchester United (5)
61.1%
French Open (Men- Open Era)Roger Federer (4)
59.5%
ABA ChampionshipPacers & Colonels (2)
51.9%
Event Most Frequent Loser/Runner-Up % Correct
NCAA Men's Frozen FourMinnesota Golden Gophers (7)
49.6%
MLS CupGalaxy & Revolution (4)
48.9%
Daytona 500Dale Earnhardt (5)
46.6%
The Masters Sam Snead & Jack Niklaus (4)
45.8%
BCS Championship GameOklahoma Sooners (3)
44.3%
Wimbledon (Women- Open Era)Chris Evert-Lloyd (6)
33.6%
WNBA ChampionshipNew York Liberty (4)
32.1%
Grey CupRegina/Saskatchewan Rough Riders (15)
27.5%
NCAA FCS ChampionshipMontana Grizzlies (5)
7.6%

You're not logged in!

Compare scores with friends on all Sporcle quizzes.
Sign Up with Email
OR
Log In

You Might Also Like...

Show Comments

Extras

Top Quizzes Today


Score Distribution

Your Account Isn't Verified!

In order to create a playlist on Sporcle, you need to verify the email address you used during registration. Go to your Sporcle Settings to finish the process.